Central Library OPAC University of Rajshahi

Ethics and some modern world problems / (Record no. 30458)

MARC details
000 -LEADER
fixed length control field 00844nam a2200265 a 4500
001 - CONTROL NUMBER
control field 30458
003 - CONTROL NUMBER IDENTIFIER
rucl marc code BD-RjUL
005 - DATE AND TIME OF LATEST TRANSACTION
control field 20211209051551.0
008 - FIXED-LENGTH DATA ELEMENTS--GENERAL INFORMATION
fixed length control field 140410s1924 enk 000 0 eng d
035 ## - SYSTEM CONTROL NUMBER
System control number (BD-RjUL) 30544
040 ## - CATALOGING SOURCE
Original cataloging agency KSU
Language of cataloging eng
Transcribing agency BD-RjUL
Modifying agency BD-RjUL
041 ## - LANGUAGE CODE
Language code of text/sound track or separate title eng
082 00 - DEWEY DECIMAL CLASSIFICATION NUMBER
Classification number 302.15
Author mark and year MCE 1924
100 1# - MAIN ENTRY--PERSONAL NAME
Personal name McDougall, William,
Dates associated with a name 1871-1938.
9 (RLIN) 86718
245 10 - TITLE STATEMENT
Title Ethics and some modern world problems /
Statement of responsibility, etc. by Willam McDougall
260 ## - PUBLICATION, DISTRIBUTION, ETC. (IMPRINT)
Place of publication, distribution, etc. London :
Name of publisher, distributor, etc. Methuen,
Date of publication, distribution, etc. 1924.
300 ## - PHYSICAL DESCRIPTION
Pagination xv, 240p. ;
Size 23 cm
500 ## - GENERAL NOTE
General note The N. W. Harris lectures, given annually at Northwestern university
650 #0 - SUBJECT ADDED ENTRY--TOPICAL TERM
Topical term or geographic name as entry element Social ethics
9 (RLIN) 5055
Topical term or geographic name as entry element Ethics
9 (RLIN) 92561
Topical term or geographic name as entry element International law.
9 (RLIN) 92562
711 0# - ADDED ENTRY--MEETING NAME
Meeting name or jurisdiction name as entry element Harris, N. W., lectures
Location of meeting (Northwestern University, Evanston, Ill.)
9 (RLIN) 92563
942 ## - ADDED ENTRY ELEMENTS (KOHA)
Source of classification or shelving scheme Dewey Decimal Classification
Koha item type Books
Holdings
Lost status Source of classification or shelving scheme Damaged status Not for loan Collection code Permanent Location Current Location Shelving location Date acquired Source of acquisition Cost, normal purchase price Total Checkouts Full call number Date last seen Copy number Koha item type
  Dewey Decimal Classification   Not For Loan Non-fiction Central Library, University of Rajshahi Central Library, University of Rajshahi Reading Room 09/03/1956 B.H.Blackwell 5.00   302.15 MCE 1924 10/04/2014 C-1 Books